000 00573nam a2200205Ia 4500
005 20250326144813.0
008 250326s9999 xx 000 0 und d
020 _a0-471-98169-9
037 _aTextbook
040 _aFMSL
_beng
_cFMSL
041 _aeng
_2eng
084 _aX:51 P0
_qFMSL
100 _aAdcock Dennis
245 0 _aMarketing Strstegies For Competitive Advantage
_cAdcock Dennis
260 _aNew York
_bNew York, John Wiley & Sons,LTD
_c2009
300 _aviii,406
365 _b2000
942 _cTB
_hX:51 P0
999 _c1305126
_d1305126